Property in the economy (Record no. 111327)

MARC details
000 -LEADER
fixed length control field 01707cad a22002655a 4500
001 - CONTROL NUMBER
control field L151385
008 - FIXED-LENGTH DATA ELEMENTS--GENERAL INFORMATION
fixed length control field 101101s20100516xxk f s 000 0 eng d
035 ## - SYSTEM CONTROL NUMBER
System control number (Sirsi) u151385
041 0# - LANGUAGE CODE
Language code of text/sound track or separate title eng
050 04 - LIBRARY OF CONGRESS CALL NUMBER
Classification number 333.33 $2 18
100 1# - MAIN ENTRY--PERSONAL NAME
Personal name Gibson, Ginny
245 00 - TITLE STATEMENT
Title Property in the economy
Remainder of title a digest and review of key data and statistics June 2010
Medium [electronic resource]
260 ## - PUBLICATION, DISTRIBUTION, ETC.
Place of publication, distribution, etc. London
Name of publisher, distributor, etc. RICS
Date of publication, distribution, etc. 2010
490 #0 - SERIES STATEMENT
Series statement RICS Property in the Economy
505 2# - FORMATTED CONTENTS NOTE
Formatted contents note Introduction --commercial property in the economy -- property activities; turnover and employment -- property usage and occupational costs -- ownership structures and property returns -- references.
520 ## - SUMMARY, ETC.
Summary, etc. The second edition of the digest and review presents updated key information to support an understanding of the importance and place of property in business, the public sector and the economy as a whole. The digest has been produced in response to the demand for data to inform a number of key questions, for instance: What is the value of property by sector?; how much public property is held?; who owns commercial property?; and how much space do people occupy? The dataset is derived from existing published information and statistics.
520 ## - SUMMARY, ETC.
Summary, etc. Executive summary also available.
520 ## - SUMMARY, ETC.
Summary, etc. Supersedes "Property in the economy a digest and review of key data and statistics 2008" (ISBN 9781842194195)
590 ## - LOCAL NOTE (RLIN)
Local note KA
651 #4 - SUBJECT ADDED ENTRY--GEOGRAPHIC NAME
Geographic name United Kingdom
Chronological subdivision
690 ## - LOCAL SUBJECT ADDED ENTRY--TOPICAL TERM (OCLC, RLIN)
Topical term or geographic name as entry element PROPERTY-COMMERCIAL PROPERTY-COMMERCIAL PROPERTY MARKET
700 1# - ADDED ENTRY--PERSONAL NAME
Personal name Bamidele, Joseph
856 40 - ELECTRONIC LOCATION AND ACCESS
Uniform Resource Identifier <a href="https://www.rics.org/Global/Property%20in%20the%20Economy_2010_Full_version.pdf">https://www.rics.org/Global/Property%20in%20the%20Economy_2010_Full_version.pdf</a>
Public note View this item free of charge at www.rics.org
942 ## - ADDED ENTRY ELEMENTS (KOHA)
Suppress in OPAC 0
Holdings
Withdrawn status Lost status Source of classification or shelving scheme Damaged status Not for loan Home library Current library Shelving location Date acquired Total Checkouts Full call number Barcode Date last seen Copy number Price effective from Koha item type
    Dewey Decimal Classification     Virtual Virtual Online 01/11/2010   ONLINE PUBLICATION 151385-2001 06/08/2019 1 06/08/2019 Book